[Event "Junior Online 4NCL Division 4"]
[Site "online"]
[Date "2021.10.28"]
[EventDate "2021.10.28"]
[Round "6.237"]
[White "Masterskikh, Luka"]
[WhiteElo "794"]
[WhiteTeam "Golden Falcons Junior 1"]
[Black "Dodhia, Saavir"]
[BlackElo "700"]
[BlackTeam "Edgware Gambits L"]
[Result "0-1"]
[PlyCount "38"]

1. d4 d5 2. Nf3 Nc6 3. Bf4 e5 4. Bg3 Bb4+ 5. c3 Be7 6. e3 Nf6 7. Bb5 O-O 8. O-O Ng4 9. h3 Nf6 10. Bxc6 bxc6 11. dxe5 Ne4 12. Bh4 Bxh4 13. Nxh4 Qxh4 14. g3 Qxh3 15. f3 Qxg3+ 16. Kh1 Qh3+ 17. Kg1 Bf5 18. Nd2 Ng3 19. Rf2 Qh1# 0-1

[Event "Junior Online 4NCL Division 4"]
[Site "online"]
[Date "2021.10.28"]
[EventDate "2021.10.28"]
[Round "6.238"]
[White "Patel, Felicity"]
[WhiteElo "400"]
[WhiteTeam "Edgware Gambits L"]
[Black "Masterskikh, Elena"]
[BlackElo "770"]
[BlackTeam "Golden Falcons Junior 1"]
[Result "0-1"]
[PlyCount "38"]

1. d4 d5 2. Nc3 c6 3. Bf4 Na6 4. e4 dxe4 5. Nxe4 e6 6. Bxa6 bxa6 7. Nf3 f5 8. Nd6+ Bxd6 9. Bxd6 Qxd6 10. O-O h5 11. Qe1 h4 12. Nxh4 g6 13. c3 Rxh4 14. g3 Rg4 15. f3 Rg5 16. f4 Rh5 17. g4 fxg4 18. f5 gxf5 19. c4 Qxh2# 0-1

[Event "Junior Online 4NCL Division 4"]
[Site "online"]
[Date "2021.10.28"]
[EventDate "2021.10.28"]
[Round "6.251"]
[White "Lewis, Tom"]
[WhiteElo "900"]
[WhiteTeam "Edgware Gambits I"]
[Black "Walker, Rhys"]
[BlackElo "850"]
[BlackTeam "Knights of Fishponds"]
[Result "0-1"]
[PlyCount "42"]

1. e4 e5 2. Nc3 Nf6 3. Nf3 Nc6 4. Bc4 Bc5 5. O-O d6 6. d3 Bg4 7. Bg5 Nd4 8. Nxd4 Bxd1 9. Bxf6 gxf6 10. Rfxd1 Bxd4 11. Nd5 Bxb2 12. Rab1 Ba3 13. Rxb7 Qc8 14. Rxc7 Qd8 15. Bb5+ Kf8 16. Rd7 Qa5 17. Nxf6 Qxb5 18. f3 Qb6+ 19. Kf1 Qd4 20. g4 Bc5 21. h4 Qf2# 0-1

[Event "Junior Online 4NCL Division 4"]
[Site "online"]
[Date "2021.10.28"]
[EventDate "2021.10.28"]
[Round "6.253"]
[White "Kaul-Green, Axel"]
[WhiteElo "800"]
[WhiteTeam "Edgware Gambits I"]
[Black "Platt, Bella"]
[BlackElo "751"]
[BlackTeam "Knights of Fishponds"]
[Result "1-0"]
[PlyCount "25"]

1. e4 c5 2. Nf3 Nc6 3. Nc3 Nf6 4. e5 Nh5 5. Ng5 Nxe5 6. Qxh5 g6 7. Qe2 Nc6 8. Qe3 e5 9. Nd5 h6 10. Ne4 f5 11. Nec3 f4 12. Qd3 Nb4 13. Qxg6# 1-0

[Event "Junior Online 4NCL Division 4"]
[Site "online"]
[Date "2021.10.28"]
[EventDate "2021.10.28"]
[Round "6.254"]
[White "McAllister, Frazer"]
[WhiteElo "850"]
[WhiteTeam "Knights of Fishponds"]
[Black "Magnus, Michael"]
[BlackElo "800"]
[BlackTeam "Edgware Gambits I"]
[Result "1-0"]
[PlyCount "137"]

1. e4 e5 2. Nf3 Nc6 3. Bc4 Be7 4. O-O Nf6 5. Ng5 O-O 6. Nc3 Na5 7. Be2 d6 8. d3 h6 9. Nf3 Bg4 10. Be3 Qd7 11. d4 exd4 12. Nxd4 Nc4 13. Bxg4 Nxg4 14. Re1 Ngxe3 15. fxe3 Bg5 16. Nd5 c6 17. Nf4 c5 18. Nf5 d5 19. Qxd5 Qb5 20. Nd6 Nxd6 21. Qxd6 Bxf4 22. exf4 Rfd8 23. Qe5 f6 24. Qc3 Qb6 25. Qb3+ Kh7 26. Qxb6 axb6 27. Rad1 Rxd1 28. Rxd1 Rxa2 29. Rb1 g5 30. fxg5 fxg5 31. Kf2 b5 32. Ke3 Kg6 33. e5 Kf5 34. c3 Kxe5 35. b4 cxb4 36. cxb4 Rxg2 37. Rc1 Rxh2 38. Rc5+ Kd6 39. Rxb5 g4 40. Rxb7 g3 41. Rg7 Ke5 42. Rxg3 h5 43. Kf3 h4 44. Rg5+ Kf6 45. Rg4 Kf5 46. Rg2 Rxg2 47. Kxg2 Kg4 48. b5 h3+ 49. Kh2 Kh4 50. b6 Kg4 51. b7 Kf3 52. b8=Q Kf2 53. Qg3+ Kf1 54. Qxh3+ Kf2 55. Qg4 Ke3 56. Qf5 Kd4 57. Qe6 Kc5 58. Qd7 Kb6 59. Qc8 Ka7 60. Qh3 Kb7 61. Qc3 Kb6 62. Kg3 Kb5 63. Kf4 Kb6 64. Ke4 Kb5 65. Kd5 Kb6 66. Qc6+ Ka5 67. Qb7 Ka4 68. Kc4 Ka3 69. Qb3# 1-0

[Event "Junior Online 4NCL Division 4"]
[Site "online"]
[Date "2021.10.28"]
[EventDate "2021.10.28"]
[Round "6.255"]
[White "Walker, Rhys"]
[WhiteElo "850"]
[WhiteTeam "Knights of Fishponds"]
[Black "Lewis, Tom"]
[BlackElo "900"]
[BlackTeam "Edgware Gambits I"]
[Result "0-1"]
[PlyCount "20"]

1. e4 c5 2. c3 d6 3. Nf3 e5 4. d4 cxd4 5. cxd4 Qa5+ 6. Nc3 exd4 7. Nxd4 d5 8. Bf4 dxe4 9. Nb3 Qf5 10. g3 Bb4 0-1

[Event "Junior Online 4NCL Division 4"]
[Site "online"]
[Date "2021.10.28"]
[EventDate "2021.10.28"]
[Round "6.257"]
[White "Platt, Bella"]
[WhiteElo "751"]
[WhiteTeam "Knights of Fishponds"]
[Black "Kaul-Green, Axel"]
[BlackElo "800"]
[BlackTeam "Edgware Gambits I"]
[Result "1-0"]
[PlyCount "85"]

1. e4 e5 2. Nf3 Nc6 3. Nc3 Nf6 4. Bc4 Nxe4 5. Nxe4 d5 6. Bxd5 Qxd5 7. Nc3 Qc5 8. O-O Qe7 9. Nd5 Qd6 10. Nc3 Qg6 11. Re1 Bh3 12. g3 O-O-O 13. Nxe5 Nxe5 14. Rxe5 Qf6 15. Re1 Qf3 16. Qxf3 Bb4 17. Nd5 Bd6 18. Qd3 Bc5 19. Qc4 Bd6 20. d3 Be6 21. Bf4 Bxf4 22. gxf4 Bxd5 23. Qd4 Rhg8 24. c4 c5 25. Qxc5+ Bc6 26. Qxa7 Rxd3 27. Red1 Rh3 28. Qa8+ Kc7 29. Qxg8 Bf3 30. Rd3 Kc6 31. Qxf7 Kc5 32. Qd5+ Kb4 33. Rxf3 Rxf3 34. Qxf3 Kxc4 35. b3+ Kc5 36. a4 Kb6 37. b4 Kc7 38. a5 b5 39. a6 Kb8 40. a7+ Kc7 41. a8=Q Kb6 42. Ra6+ Kc7 43. Qfb7# 1-0

[Event "Junior Online 4NCL Division 4"]
[Site "online"]
[Date "2021.10.28"]
[EventDate "2021.10.28"]
[Round "6.261"]
[White "Manoj Kumar, Arth"]
[WhiteElo "677"]
[WhiteTeam "Watford Juniors D"]
[Black "Singh, Arjun"]
[BlackElo "800"]
[BlackTeam "Edgware Gambits J"]
[Result "1-0"]
[PlyCount "35"]

1. e4 e5 2. Qh5 Nf6 3. Qxe5+ Qe7 4. Qxe7+ Bxe7 5. e5 Ne4 6. d3 Ng5 7. Bxg5 Bxg5 8. Nf3 Be7 9. Nc3 O-O 10. d4 d6 11. Nd5 Re8 12. exd6 Bxd6+ 13. Be2 b6 14. O-O-O Rxe2 15. Ne5 Bxe5 16. dxe5 Rxe5 17. Nxc7 Bb7 18. Rd8+ 1-0

[Event "Junior Online 4NCL Division 4"]
[Site "online"]
[Date "2021.10.28"]
[EventDate "2021.10.28"]
[Round "6.262"]
[White "Szajman, Benjamin"]
[WhiteElo "870"]
[WhiteTeam "Edgware Gambits J"]
[Black "Astrakhantceva, Elizaveta"]
[BlackElo "700"]
[BlackTeam "Watford Juniors D"]
[Result "0-1"]
[PlyCount "122"]

1. f4 d5 2. Nf3 Nc6 3. Nc3 Nf6 4. e3 Bf5 5. Bb5 a6 6. Bxc6+ bxc6 7. Kf1 Bg4 8. d3 e6 9. e4 dxe4 10. dxe4 Qe7 11. e5 Nh5 12. Be3 Qb4 13. Bd2 Qxb2 14. Qb1 Qa3 15. Bc1 Qc5 16. Bd2 Qc4+ 17. Ne2 Ba3 18. Qb3 Qc5 19. Rg1 Bf5 20. c4 Nf6 21. exf6 gxf6 22. Bc1 Qd6 23. Bxa3 Qd2 24. Nxd2 Rg8 25. Kf2 Kd7 26. Nf3 Rab8 27. Qa4 Be4 28. Rad1+ Ke8 29. Nh4 Rg4 30. Qxc6+ Bxc6 31. g3 Ba4 32. Rb1 Rd8 33. Bb2 Bc2 34. Rbc1 Bd3 35. Rcd1 e5 36. fxe5 fxe5 37. Ke3 Bxc4 38. Rxd8+ Kxd8 39. Bxe5 Rg5 40. Bf4 Rd5 41. Rd1 Rxd1 42. Bxc7+ Kxc7 43. Nf5 Rd3+ 44. Kf4 Rd2 45. Ng1 Rf2+ 46. Kg5 Rxa2 47. Nh3 a5 48. Nh6 a4 49. Nxf7 a3 50. Nf4 Rxh2 51. Ne6+ Kb6 52. Ne5 Bxe6 53. Kf6 Bh3 54. Nd3 a2 55. g4 a1=Q+ 56. Kf5 Rf2+ 57. Kg5 Qa5+ 58. Kh6 Rf6+ 59. Kxh7 Qa7+ 60. Kg8 Rc6 61. Kf8 Rc8# 0-1

[Event "Junior Online 4NCL Division 4"]
[Site "online"]
[Date "2021.10.28"]
[EventDate "2021.10.28"]
[Round "6.263"]
[White "Shyam, Ria"]
[WhiteElo "694"]
[WhiteTeam "Watford Juniors D"]
[Black "Radia, Kayan"]
[BlackElo "800"]
[BlackTeam "Edgware Gambits J"]
[Result "0-1"]
[PlyCount "118"]

1. e4 e5 2. Nf3 Nc6 3. Bc4 Nf6 4. Nc3 Bb4 5. Ng5 O-O 6. O-O d6 7. a3 Ba5 8. b4 Bb6 9. Nd5 Bg4 10. Qe1 Qd7 11. Nxf6+ gxf6 12. h3 Bh5 13. d3 Kh8 14. Nxf7+ Bxf7 15. Bxf7 Rxf7 16. Bh6 Rg8 17. Qe2 Rg6 18. Qd2 Qe6 19. c4 Qe7 20. a4 a6 21. a5 Ba7 22. b5 axb5 23. cxb5 Nd4 24. b6 cxb6 25. axb6 Bxb6 26. Be3 Nb3 27. Qe2 Nxa1 28. Rxa1 Bxe3 29. Qxe3 Qc7 30. Ra8+ Rg8 31. Qa7 Rff8 32. Rxf8 Rxf8 33. f3 Qg7 34. g4 h6 35. Kf1 Kh7 36. Qe3 Ra8 37. Qc1 Ra2 38. Qb1 Rh2 39. Qb6 Rxh3 40. Qxd6 Rxf3+ 41. Ke2 Rg3 42. Qe6 Rxg4 43. Qf5+ Rg6 44. Kf3 b5 45. Ke2 b4 46. Kd2 b3 47. Kc1 Qb7 48. Kb1 b2 49. d4 Qb3 50. Qd7+ Rg7 51. Qf5+ Kg8 52. d5 Qa3 53. Qe6+ Kh8 54. Qe8+ Kh7 55. Kc2 Qa1 56. d6 b1=Q+ 57. Kd2 Qb3 58. d7 Qaa2+ 59. Ke1 Qbb1# 0-1

[Event "Junior Online 4NCL Division 4"]
[Site "online"]
[Date "2021.10.28"]
[EventDate "2021.10.28"]
[Round "6.264"]
[White "Dodhia, Aarav"]
[WhiteElo "800"]
[WhiteTeam "Edgware Gambits J"]
[Black "Naren, Riya"]
[BlackElo "592"]
[BlackTeam "Watford Juniors D"]
[Result "1-0"]
[PlyCount "79"]

1. e4 e5 2. Nf3 Nc6 3. Nc3 Bb4 4. Bb5 Bxc3 5. dxc3 Nf6 6. Bg5 h6 7. Bxf6 Qxf6 8. O-O O-O 9. c4 a6 10. Ba4 b5 11. cxb5 axb5 12. Bxb5 Rb8 13. Bc4 d6 14. b3 Bg4 15. Bd5 Nb4 16. Bc4 Bxf3 17. Qxf3 Qxf3 18. gxf3 Nxc2 19. Rac1 Nd4 20. Bd5 Ra8 21. b4 Rxa2 22. Bxa2 Ne2+ 23. Kg2 Nxc1 24. Rxc1 Ra8 25. Bd5 c6 26. Bxc6 Rc8 27. b5 h5 28. b6 h4 29. b7 h3+ 30. Kxh3 Kh8 31. bxc8=Q+ Kh7 32. Kg4 Kh6 33. Rc2 Kg6 34. Qf5+ Kh6 35. Qg5+ Kh7 36. Rc1 Kg8 37. Rg1 Kf8 38. Qf5 Ke7 39. Rg3 Kd8 40. Qd7# 1-0

[Event "Junior Online 4NCL Division 4"]
[Site "online"]
[Date "2021.10.28"]
[EventDate "2021.10.28"]
[Round "6.266"]
[White "Astrakhantceva, Elizaveta"]
[WhiteElo "700"]
[WhiteTeam "Watford Juniors D"]
[Black "Szajman, Benjamin"]
[BlackElo "870"]
[BlackTeam "Edgware Gambits J"]
[Result "1-0"]
[PlyCount "35"]

1. e4 e5 2. Nf3 Nc6 3. Nc3 Nf6 4. Ne2 Bb4 5. a3 Bd6 6. Nc3 Bc5 7. Bc4 O-O 8. d4 exd4 9. Nb5 Nxe4 10. O-O d6 11. Bd3 Nf6 12. Bg5 Bg4 13. h3 Bxf3 14. Qxf3 Qe7 15. Qf5 a6 16. Nxd4 Bxd4 17. Bxf6 Bxf6 18. Qxh7# 1-0

[Event "Junior Online 4NCL Division 4"]
[Site "online"]
[Date "2021.10.28"]
[EventDate "2021.10.28"]
[Round "6.267"]
[White "Radia, Kayan"]
[WhiteElo "800"]
[WhiteTeam "Edgware Gambits J"]
[Black "Shyam, Ria"]
[BlackElo "694"]
[BlackTeam "Watford Juniors D"]
[Result "1-0"]
[PlyCount "59"]

1. e4 e5 2. Nf3 Nc6 3. Bb5 Nf6 4. Nc3 a6 5. Ba4 b5 6. Bb3 Bb4 7. d3 Bxc3+ 8. bxc3 O-O 9. Bg5 h6 10. Bh4 d6 11. O-O Bg4 12. h3 Bxf3 13. Qxf3 Na5 14. Qd1 Nxb3 15. cxb3 Ra7 16. Qd2 Rb7 17. Rfe1 Rb6 18. a3 Rc6 19. a4 bxa4 20. bxa4 Qa8 21. c4 Qa7 22. Re3 Qd4 23. Rb1 Nh5 24. g4 Nf4 25. Bg3 Nxh3+ 26. Kh2 Ng5 27. Bh4 Qa7 28. Bxg5 hxg5 29. f3 Qb8 30. Rxb8 1-0

[Event "Junior Online 4NCL Division 4"]
[Site "online"]
[Date "2021.10.28"]
[EventDate "2021.10.28"]
[Round "6.268"]
[White "Naren, Riya"]
[WhiteElo "592"]
[WhiteTeam "Watford Juniors D"]
[Black "Dodhia, Aarav"]
[BlackElo "800"]
[BlackTeam "Edgware Gambits J"]
[Result "0-1"]
[PlyCount "78"]

1. e4 e5 2. Nf3 Nc6 3. Bc4 Nf6 4. Ng5 Bc5 5. Nxf7 Bxf2+ 6. Kf1 Qe7 7. Nxh8 Qc5 8. Bf7+ Kf8 9. Bh5 g6 10. Bg4 Nxg4 11. Qf3+ Kg8 12. Qxg4 d6 13. Qg5 Qc4+ 14. d3 Qxc2 15. Na3 Qd1+ 16. Kxf2 Qxh1 17. Qh6 Ne7 18. Bg5 Qxa1 19. Bxe7 Qxb2+ 20. Kf3 Qxa3 21. Bf6 Qxd3+ 22. Kf2 Qd4+ 23. Kf1 Qd1+ 24. Kf2 Qd4+ 25. Kf1 Qd1+ 26. Kf2 Qd2+ 27. Kf3 Qf4+ 28. Ke2 Qxf6 29. Kd2 Qxh8 30. Qxg6+ hxg6 31. Ke2 Qxh2 32. Kf2 Rb8 33. Kf3 b6 34. Ke2 Qxg2+ 35. Kd1 b5 36. Kc1 b4 37. Kb1 b3 38. Kc1 bxa2 39. Kd1 a1=Q# 0-1